Manual de direccin̤ y gestin̤ de recursos humanos en los gobiernos locales

Bibliographic Details
Main Author: Cuenca Cervera, J. Javier
Corporate Author: Instituto Nacional de Estads̕tica (Espaą)
Format: Book
Language:Spanish
Published: Madrid : Instituto Nacional de Administracin̤ Pb︢lica, 2010
Series:Estudios y documentos (Instituto Nacional de Administracin̤ Pb︢lica (Espanya))
Subjects:
Online Access:Acceso restringido

MARC

LEADER 00000nam a22000007a 4500
005 2011072704054.0
008 100723s2010 sp |||||| o000 ||spa|c
020 |a 9788473512923 (versi ̤paper) 
035 |a 5516 
040 |d vLex 
043 |a e-sp---  |b e-sp---  |2 catmarc 
080 |a 352(460) 
090 |c 2234  |d 2234 
100 1 |a Cuenca Cervera, J. Javier 
245 1 0 |a Manual de direccin̤ y gestin̤ de recursos humanos en los gobiernos locales  |h [Recurso electrn̤ico] /  |c J. Javier Cuenca Cervera 
256 |a Servicio en ln̕ea 
260 |a Madrid :  |b Instituto Nacional de Administracin̤ Pb︢lica,  |c 2010 
490 1 |a Estudios y documentos / Instituto Nacional de Administracin̤ Pb︢lica 
506 1 |a Contenido solo disponible en los productos indicados  |d vLex Global  |d vLex Global (Academic Edition, excluding Law Schools)  |d vLex Global (U.S. Academic Edition, Law Schools)  |d vLex Global (U.S. Academic Edition, excluding Law Schools)  |d vLex Global (Academic Edition, Law Schools) 
650 0 7 |a Administracin̤ Local  |2 Tesauro vLex 
650 0 7 |a Funcin̤ pb︢lica  |2 Tesauro vLex 
650 0 7 |a Empleados pb︢licos  |2 Tesauro vLex 
650 0 7 |2 Tesauro vLex  |a Recursos humanos 
710 2 |a Instituto Nacional de Estads̕tica (Espaą) 
740 0 |a vLex Libros (Servicio en ln̕ea) 
830 0 |a Estudios y documentos (Instituto Nacional de Administracin̤ Pb︢lica (Espanya)) 
856 4 0 |u http://vlex.com/source/manual-direccion-gestion-recursos-humanos-gobiernos-locales-5516  |z Acceso restringido 
942 |c BOOK